000 00528nam a2200217 4500
001 4066250
005 20180123033708.0
008 700518s1969 nyua 001 0 eng
010 _a 68015313
020 _a087502002X
040 _aDLC
_cDLC
_dDLC
041 _aeng
080 _a640.73
082 0 0 _a640.73 BET
100 _a52
101 _aBNJ
245 1 0 _aConsumer's buying guide;
350 _a1.00
906 _a7
_bcbc
_corignew
_du
_encip
_f19
_gy-gencatlg
942 _2ddc
_cBK
999 _c40704
_d40704